[Event "Havana Gilberto Garcia Memorial Girls"]
[Site "Havana"]
[Date "2018.??.??"]
[Round "7"]
[White "De la Guardia Diaz, Susana Hilda"]
[Black "Yon Wong, Mai Lyng"]
[Result "1-0"]
[WhiteElo "1969"]
[BlackElo "1682"]
[PlyCount "46"]
[EventDate "2018.03.29"]
[EventType "tourn"]
[EventRounds "9"]
[EventCountry "CUB"]
[SourceTitle "EXT 2021"]
[Source "ChessBase"]
[SourceDate "2020.10.23"]
[SourceVersion "1"]
[SourceVersionDate "2020.10.23"]
[SourceQuality "1"]

1. e4 e5 2. Nf3 Nf6 3. Nxe5 d6 4. Nf3 Nxe4 5. d4 d5 6. Bd3 Bd6 7. 0-0 0-0 8. c4 c6 9. Qc2 Re8 10. Nc3 Nf6 11. Bg5 h6 12. Bxf6 Qxf6 13. cxd5 Qd8 14. Rfe1 Rxe1+ 15. Rxe1 cxd5 16. Nxd5 Nc6 17. Bf5 Bd7 18. Ne3 Bb4 19. Rd1 Rc8 20. Qe4 Bxf5 21. Nxf5 Bf8 22. Qg4 Kh7 23. Ne5 Qd5 1-0

[Event "Maria Teresa Mora Memorial op"]
[Site "Havana"]
[Date "2018.??.??"]
[Round "4"]
[White "Yon Wong, Mai Lyng"]
[Black "Pompa Vega, Dannier De Jesus"]
[Result "0-1"]
[WhiteElo "1741"]
[BlackElo "1903"]
[PlyCount "86"]
[EventDate "2018.03.08"]
[EventType "swiss"]
[EventRounds "9"]
[EventCountry "CUB"]
[SourceTitle "EXT 2021"]
[Source "ChessBase"]
[SourceDate "2020.10.23"]
[SourceVersion "1"]
[SourceVersionDate "2020.10.23"]
[SourceQuality "1"]

1. e4 e5 2. d4 exd4 3. Nf3 d5 4. exd5 Qxd5 5. Qxd4 Nf6 6. Bc4 Qxd4 7. Nxd4 Bc5 8. Be3 Ng4 9. 0-0 0-0 10. Nc3 Nd7 11. Ne6 Nxe3 12. Nxf8 Nxf1 13. Nxd7 Bxd7 14. Rxf1 Bf5 15. Bb3 Rd8 16. Rd1 Rxd1+ 17. Nxd1 c6 18. Kf1 b5 19. a4 a6 20. Ke2 Bb6 21. c3 Kf8 22. axb5 axb5 23. Ne3 Be4 24. f3 Bg6 25. Bc2 Bxc2 26. Nxc2 Ke7 27. Kd3 Kd6 28. Ke4 g6 29. g4 Bf2 30. f4 h6 31. Nd4 f6 32. f5 g5 33. b3 Be1 34. c4 Kc5 35. Kd3 Bf2 36. Nc2 bxc4+ 37. bxc4 Bg1 38. h3 Bf2 39. Ne3 Kb4 40. Nc2+ Kb3 41. Nd4+ Bxd4 42. Kxd4 Kb4 43. Kd3 c5 0-1